000 00242nam a22000977a 4500
008 170124b xxu||||| |||| 00| 0 eng d
041 _aeng
080 _24TH
_a618.2
245 _aLEADING AND MANAGING IN NURSING
_cYODER-WISE, P.S
942 _2udc
_cBK
999 _c3464
_d3464